000 01123nam a22003137a 4500
001 298
003 OSt
005 20250528074017.0
008 250320b |||||||| |||| 00| 0 eng d
020 _a9788123456725
040 _bpor
041 _hpor
082 _a289
_bM141o
100 1 _aMacedo, Edir
_cBispo,
_d1945-
240 _aOrixás, Caboclos e Guias: Deuses ou Demônios?
245 _aOrixás, Caboclos e Guias: Deuses ou Demônios? /
250 _aMacedo, Edir ;
260 _aSão Paulo
_bUnipro
_c1997
300 _a205 p.
520 _aNa busca pela solução dos problemas muitas pessoas acabam se envolvendo e se enganando facilmente com crenças ilusórias. Neste livro, com uma narrativa simples e dinâmica, o leitor desvenda a influência da superstição e do sincretismo religioso existente e cultuado no Brasil.
650 0 _aReligião
_9100
650 0 _aCritica religiosa
_9583
650 0 _aEspiritualidade
_916
650 0 _aIgreja Universal do Reino de Deus​
_9584
650 0 _aOutras religiões
_9585
655 0 _aRomance
_923
655 0 _aFicção
_922
942 _2ddc
_cBK
_n0
999 _c298
_d298